[Event "Stuttgart-chB int"]
[Site "Ditzingen"]
[Date "2014.05.31"]
[Round "7"]
[White "Mayer, Markus"]
[Black "Kreiner, Bernhard"]
[Result "1/2-1/2"]
[WhiteElo "1631"]
[BlackElo "1409"]
[PlyCount "124"]
[EventDate "2014.05.29"]
[EventType "swiss"]
[EventRounds "7"]
[EventCountry "GER"]
[SourceTitle "EXT 2015"]
[Source "ChessBase"]
[SourceDate "2014.11.20"]
[SourceVersion "1"]
[SourceVersionDate "2014.11.20"]
[SourceQuality "1"]

1. d4 d6 2. c4 c6 3. Nc3 g6 4. e4 Bg7 5. Nf3 Qc7 6. Be2 e5 7. d5 c5 8. 0-0 a6 9. Bd2 f6 10. Rc1 Ne7 11. a3 a5 12. Nb5 Qd7 13. b4 b6 14. Qa4 Bb7 15. Nc7+ Kf7 16. Qxd7 Nxd7 17. Nxa8 Rxa8 18. bxa5 bxa5 19. Rb1 Ba6 20. Rfc1 g5 21. Bxa5 Bxc4 22. Bxc4 Rxa5 23. Rb7 Nf8 24. Rc3 Nfg6 25. g3 Bf8 26. Rd7 g4 27. Ne1 Bh6 28. Ng2 Bd2 29. Rb3 Ra4 30. Bb5 Rxe4 31. Bc6 c4 32. Rb2 c3 33. Rc2 Rc4 34. Ne3 Bxe3 35. fxe3 e4 36. a4 Ne5 37. Bb5 Rc5 38. Rxd6 Nxd5 39. Rxd5 Rxd5 40. Rxc3 Nf3+ 41. Kf2 Rd2+ 42. Be2 Nxh2 43. Ra3 Nf3 44. a5 Rd7 45. a6 Ra7 46. Rb3 Ke6 47. Rb7 Ra8 48. Rxh7 Ne5 49. a7 Kd6 50. Ke1 Nd7 51. Bxg4 Rxa7 52. Bf5 Ra1+ 53. Kd2 Ra2+ 54. Kc1 Nc5 55. g4 Ra6 56. Rh6 Ke5 57. Rh5 Ne6 58. Bxe6+ Kxe6 59. Rf5 Ra3 60. Kd2 Rd3+ 61. Ke2 Ra3 62. Kf2 Rd3 1/2-1/2

[Event "Stuttgart-chB int"]
[Site "Ditzingen"]
[Date "2014.05.29"]
[Round "1"]
[White "Kreiner, Bernhard"]
[Black "Koeller, Horst"]
[Result "1/2-1/2"]
[WhiteElo "1409"]
[BlackElo "1718"]
[PlyCount "101"]
[EventDate "2014.05.29"]
[EventType "swiss"]
[EventRounds "7"]
[EventCountry "GER"]
[SourceTitle "EXT 2015"]
[Source "ChessBase"]
[SourceDate "2014.11.20"]
[SourceVersion "1"]
[SourceVersionDate "2014.11.20"]
[SourceQuality "1"]

1. d4 e6 2. c3 Nf6 3. Bg5 Be7 4. Bxf6 Bxf6 5. b4 d5 6. e3 g6 7. Nf3 Nd7 8. Bb5 c6 9. Bd3 Bg7 10. a4 0-0 11. Nbd2 e5 12. Nxe5 Nxe5 13. dxe5 Bxe5 14. Rc1 Qf6 15. Qc2 Be6 16. 0-0 Bd6 17. Nb3 Qe5 18. g3 Bh3 19. Rfe1 Qf6 20. Bf1 Bxf1 21. Rxf1 h5 22. f4 Rae8 23. Rf3 g5 24. Rf2 g4 25. Re2 Re4 26. a5 Rfe8 27. Rce1 Rc4 28. Rc1 Bxb4 29. cxb4 Rxc2 30. Rcxc2 Re4 31. Nd4 Qe7 32. Kf2 Qxb4 33. Rb2 Qxa5 34. Rxb7 c5 35. Nf5 d4 36. Ne7+ Kh7 37. Nf5 dxe3+ 38. Nxe3 Ra4 39. Rxf7+ Kg8 40. Rf5 Ra2 41. Rg5+ Kf8 42. Rf5+ Ke8 43. Nc4+ Rxe2+ 44. Kxe2 Qa2+ 45. Nd2 c4 46. Rc5 Qc2 47. Rxc4 Qa2 48. Rc5 Qa6+ 49. Ke3 Qa3+ 50. Kd4 Qb4+ 51. Nc4 1/2-1/2

[Event "Stuttgart-chB int"]
[Site "Ditzingen"]
[Date "2014.05.29"]
[Round "3"]
[White "Vogel, Karlheinz"]
[Black "Kreiner, Bernhard"]
[Result "1/2-1/2"]
[WhiteElo "1706"]
[BlackElo "1409"]
[PlyCount "38"]
[EventDate "2014.05.29"]
[EventType "swiss"]
[EventRounds "7"]
[EventCountry "GER"]
[SourceTitle "EXT 2015"]
[Source "ChessBase"]
[SourceDate "2014.11.20"]
[SourceVersion "1"]
[SourceVersionDate "2014.11.20"]
[SourceQuality "1"]

1. d4 c5 2. d5 d6 3. e4 e6 4. c4 Be7 5. Nc3 a6 6. a4 e5 7. Nf3 h6 8. h3 Nf6 9. Be2 Nh7 10. Qc2 0-0 11. 0-0 Ng5 12. Nxg5 Bxg5 13. f4 Bxf4 14. Bxf4 exf4 15. Rxf4 Qg5 16. Rf3 Nd7 17. Qc1 Ne5 18. Rf2 Qxc1+ 19. Rxc1 Bd7 1/2-1/2